| 000 | 00314 a2200133 4500 | ||
|---|---|---|---|
| 001 | 92478 | ||
| 082 | _a670.285 ZEI | ||
| 090 |
_c44448 _d44449 |
||
| 100 | _aZeid Ibrahim | ||
| 245 | _amastering CAD/CAM | ||
| 260 |
_aNew Delhi _bMcGraw-Hill _c2005 |
||
| 300 |
_axxviii, 932 p. _bindian ed |
||
| 520 | _aCAD CAM | ||
| 942 |
_aNUST-CAE _k670.285 ZEI |
||
| 999 |
_c327551 _d327551 |
||